Counties and County Seats of Virginia with a Map - Statistics

General Stats
  • This quiz has been taken 178 times
  • The average score is 94 of 216
Answers on the Map
Answers color-coded by a green-red scale on the quiz's map according to % correct below.
 
Answer Stats
Type Dual Answer Answer % Correct
Independent City Alexandria
92%
Independent City Richmond
92%
County Warsaw Richmond
92%
Independent City Virginia Beach
92%
Independent City Chesapeake
90%
County Jonesville Lee
88%
Independent City Norfolk
86%
Independent City Roanoke
86%
County Roanoke
86%
County Arlington Arlington
84%
Seat Arlington Arlington
84%
Independent City Newport News
84%
County Charlotte Court House Charlotte
82%
Seat Charlotte Charlotte Court House
82%
Independent City Charlottesville
82%
Independent City Suffolk
82%
Independent City Fairfax
78%
County Fairfax
78%
County Prince William
76%
Independent City Lynchburg
75%
Independent City Petersburg
75%
Independent City Hampton
73%
Independent City Bristol
71%
Independent City Danville
71%
County Frederick
71%
Independent City Winchester
71%
County Yorktown York
71%
Independent City Fredericksburg
69%
Seat Rappahannock Washington
69%
County Abingdon Washington
69%
Independent City Williamsburg
69%
Independent City Harrisonburg
67%
Independent City Manassas
67%
Independent City Portsmouth
65%
Independent City Franklin
63%
County Rocky Mount Franklin
63%
Seat Loudoun Leesburg
61%
County Madison Madison
61%
Seat Madison Madison
61%
County Eastville Northampton
61%
County Appomattox Appomattox
59%
Seat Appomattox Appomattox
59%
County Chesterfield Court House Chesterfield
57%
Seat Chesterfield Chesterfield Court House
57%
County Laurel Henrico
57%
Independent City Falls Church
55%
County King George King George
55%
Seat King George King George
55%
County Prince George Prince George
55%
Seat Prince George Prince George
55%
Independent City Salem
55%
County Woodstock Shenandoah
55%
Independent City Staunton
55%
County Goochland Goochland
53%
Seat Goochland Goochland
53%
County Leesburg Loudoun
53%
Independent City Manassas Park
53%
County Spotsylvania Courthouse Spotsylvania
53%
Seat Spotsylvania Spotsylvania Courthouse
53%
County Stafford Courthouse Stafford
53%
Seat Stafford Stafford Courthouse
53%
County Wise Wise
53%
Seat Wise Wise
53%
Seat Accomack Accomac
51%
County Accomac Accomack
51%
County Hanover Hanover
51%
Seat Hanover Hanover
51%
Independent City Lexington
51%
County Surry Surry
51%
Seat Surry Surry
51%
Seat York Yorktown
51%
County Albemarle
49%
Independent City Colonial Heights
49%
County King and Queen Court House King and Queen
49%
Seat King and Queen King and Queen Court House
49%
County Front Royal Warren
49%
County Charles City Charles City
47%
Seat Charles City Charles City
47%
Independent City Emporia
47%
County Tappahannock Essex
47%
County James City
47%
County Farmville Prince Edward
47%
County Washington Rappahannock
47%
County Courtland Southampton
47%
County Sussex Sussex
47%
Seat Sussex Sussex
47%
County Culpeper Culpeper
45%
Seat Culpeper Culpeper
45%
County Warrenton Fauquier
45%
Independent City Galax
45%
Independent City Hopewell
45%
County Isle of Wight Isle of Wight
45%
Seat Isle of Wight Isle of Wight
45%
County King William King William
45%
Seat King William King William
45%
County Louisa Louisa
45%
Seat Louisa Louisa
45%
Independent City Martinsville
45%
County Boydton Mecklenburg
45%
County New Kent New Kent
45%
Seat New Kent New Kent
45%
County Christiansburg Montgomery
43%
County Orange Orange
43%
Seat Orange Orange
43%
County Alleghany
41%
County Warm Springs Bath
41%
County Bedford Bedford
41%
Seat Bedford Bedford
41%
Independent City Buena Vista
41%
Independent City Poquoson
41%
County Powhatan Powhatan
41%
Seat Powhatan Powhatan
41%
County Pulaski Pulaski
41%
Seat Pulaski Pulaski
41%
Independent City Radford
41%
County Rockingham
41%
Independent City Waynesboro
41%
County Wytheville Wythe
41%
County Bowling Green Caroline
39%
County Berryville Clarke
39%
County Palmyra Fluvanna
39%
County Gloucester Courthouse Gloucester
39%
Seat Gloucester Gloucester Courthouse
39%
County Stanardsville Greene
39%
County Halifax Halifax
39%
Seat Halifax Halifax
39%
County Henry
39%
County Monterey Highland
39%
County Lancaster Lancaster
39%
Seat Lancaster Lancaster
39%
County Gate City Scott
39%
County Amelia Court House Amelia
37%
Seat Amelia Amelia Court House
37%
County Grundy Buchanan
37%
County Cumberland Cumberland
37%
Seat Cumberland Cumberland
37%
County Dinwiddie Dinwiddie
37%
Seat Dinwiddie Dinwiddie
37%
County Saluda Middlesex
37%
Independent City Norton
37%
County Chatham Pittsylvania
37%
County Tazewell Tazewell
37%
Seat Tazewell Tazewell
37%
County Amherst Amherst
35%
Seat Amherst Amherst
35%
County Buckingham Courthouse Buckingham
35%
Seat Buckingham Buckingham Courthouse
35%
Independent City Covington
35%
County Mathews Mathews
35%
Seat Mathews Mathews
35%
County Lovingston Nelson
35%
County Heathsville Northumberland
35%
County Luray Page
35%
County Rockbridge
35%
County Fincastle Botetourt
33%
County Lawrenceville Brunswick
33%
County Floyd Floyd
33%
Seat Floyd Floyd
33%
County Independence Grayson
33%
County Greensville
33%
County Stuart Patrick
33%
County Augusta
31%
County New Castle Craig
31%
Seat Fauquier Warrenton
31%
County Rustburg Campbell
29%
County Hillsville Carroll
29%
County Lunenburg Lunenburg
29%
Seat Lunenburg Lunenburg
29%
County Nottoway Court House Nottoway
29%
Seat Nottoway Nottoway Court House
29%
County Lebanon Russell
29%
County Marion Smyth
29%
County Montross Westmoreland
29%
Seat Montgomery Christiansburg
27%
Seat Warren Front Royal
27%
County Pearisburg Giles
27%
Seat Washington Abingdon
25%
County Bland Bland
25%
Seat Bland Bland
25%
County Clintwood Dickenson
25%
Seat Prince Edward Farmville
25%
Seat Essex Tappahannock
25%
Seat Page Luray
24%
Seat Wythe Wytheville
24%
Seat Smyth Marion
22%
Seat Clarke Berryville
18%
Seat Caroline Bowling Green
16%
Seat Carroll Hillsville
16%
Seat Nelson Lovingston
16%
Seat Highland Monterey
16%
Seat Franklin Rocky Mount
16%
Seat Richmond Warsaw
16%
Seat Buchanan Grundy
14%
Seat Grayson Independence
14%
Seat Craig New Castle
14%
Seat Fluvanna Palmyra
14%
Seat Patrick Stuart
14%
Seat Shenandoah Woodstock
14%
Seat Pittsylvania Chatham
12%
Seat Southampton Courtland
12%
Seat Northampton Eastville
12%
Seat Scott Gate City
12%
Seat Lee Jonesville
12%
Seat Westmoreland Montross
12%
Seat Bath Warm Springs
12%
Seat Dickenson Clintwood
10%
Seat Northumberland Heathsville
10%
Seat Brunswick Lawrenceville
10%
Seat Russell Lebanon
10%
Seat Giles Pearisburg
10%
Seat Middlesex Saluda
10%
Seat Greene Stanardsville
10%
Seat Mecklenburg Boydton
8%
Seat Botetourt Fincastle
8%
Seat Campbell Rustburg
8%
Seat Henrico Laurel
6%
No matching quizzes found
Score Distribution
Percent of People with Each Score
Percentile by Number Answered
Your Score History
You have not taken this quiz